Über Medizinzauber und Heilkunst im Leben der Völker : Geschichte der Urheilkunde, ihrer Entwicklung und Ausstrahlung bis in die Gegenwart.

محفوظ في:

المؤلف الرئيسي: Buschan, Georg, 1863-1942.

التنسيق: كتاب

اللغة: German

منشور في: Berlin : Arnold, [1943] c1941.

الموضوعات:

الوسوم: إضافة وسم

لا توجد وسوم, كن أول من يضع وسما على هذه التسجيلة!

رقم الطلب: R133 .B85

LEADER 00726nam a22002177a 4500
003 OSt
005 20251124082337.0
008 251124t19431941gw ac b 001 0 ger d
040 |c ARCE Library 
050 1 4 |a R133  |b .B85 
100 1 |a Buschan, Georg,   |d 1863-1942. 
245 1 0 |a Über Medizinzauber und Heilkunst im Leben der Völker :  |b Geschichte der Urheilkunde, ihrer Entwicklung und Ausstrahlung bis in die Gegenwart. 
264 1 |a Berlin :  |b Arnold,  |c [1943] c1941. 
300 |a 815 p. :  |b ill., ports. ;  |c 21 cm. 
504 |a Bibliography: p. 770-801. 
650 0 |a History of Medicine. 
650 0 |a Medicine -- History. 
650 0 |a Medicine, Traditional -- history. 
901 |a reviewed 
942 |2 lcc  |c BK 
999 |c 48755  |d 48755